| Tag |
First Indicator |
Second Indicator |
Subfields |
| LEADER |
00000cam a2200000 i 4500 |
| 001 |
in00000013372 |
| 005 |
20151007052407.0 |
| 008 |
741202s1974 wiu b 00110 eng |
| 010 |
|
|
|a 74192525
|
| 020 |
|
|
|a 0960052429
|
| 035 |
|
|
|a (OCoLC)01130332
|
| 035 |
|
|
|9 AAA7590AM
|
| 040 |
|
|
|a DLC
|c DLC
|d UtOrBLW
|
| 043 |
|
|
|a n-us---
|
| 049 |
|
|
|a TXAM
|c [A11041511]
|
| 050 |
0 |
0 |
|a HD1694
|b .A512 1974
|
| 082 |
0 |
|
|a 333.9/1/00973
|
| 100 |
1 |
|
|a Odegard, Holtan Peter,
|d 1923-
|
| 245 |
1 |
4 |
|a The planning audit :
|b a framework with particular references to river basin planning /
|c by Holtan P. Odegard.
|
| 264 |
|
1 |
|a [Hudson? Wis.] :
|b [Odegard],
|c [1974]
|
| 264 |
|
4 |
|c [©1974]
|
| 300 |
|
|
|a ii, 198 pages ;
|c 22 cm.
|
| 336 |
|
|
|a text
|b txt
|2 rdacontent
|
| 337 |
|
|
|a unmediated
|b n
|2 rdamedia
|
| 338 |
|
|
|a volume
|b nc
|2 rdacarrier
|
| 504 |
|
|
|a Bibliography: pages 173-184.
|
| 500 |
|
|
|a Includes index.
|
| 650 |
|
0 |
|a Water resources development
|z United States.
|
| 650 |
|
0 |
|a Planning.
|
| 999 |
|
|
|a MARS
|
| 999 |
f |
f |
|s 2d69bdba-a610-3cdb-8cc7-3f7da5f0a5b0
|i 3b16cbc9-8c31-3259-ba49-36d31e14bdd7
|t 0
|
| 952 |
f |
f |
|p ric
|a Texas A&M University
|b Rellis Campus
|c Joint Library Facility
|d Remote Storage
|t 0
|e HD1694 .A512 1974
|h Library of Congress classification
|i unmediated -- volume
|m A14811041511
|
| 998 |
f |
f |
|a HD1694 .A512 1974
|t 0
|l Remote Storage
|